[Event "DVM U14 2021"]
[Site "Willingen GER"]
[Date "2022.08.15"]
[Round "6"]
[White "Hoffmann, Kay"]
[Black "Krüger, Arthur"]
[Result "1-0"]
[Termination "normal"]
[Board "2.2"]
[WhiteElo "1653"]
[BlackElo "1996"]
[WhiteClock "00:43:40"]
[BlackClock "00:17:50"]
[WhiteTeam "Barnimer Schachfreunde im SV Stahl Finow"]
[BlackTeam "Hamburger SK 1830"]
[PlyCount "69"]
[WhiteFideId "16227000"]
[BlackFideId "16244966"]
[EventCountry "GER"]
[EventRounds "7"]
[EventType "team-swiss"]
[EventDate "2022.08.12"]

1. d4 {[%clk 01:30:58]} {[%emt 00:00:02]} d5 {[%clk 01:30:51]} {[%emt
00:00:09]} 2. Bf4 {[%clk 01:31:19]} {[%emt 00:00:09]} Nf6 {[%clk 01:30:52]}
{[%emt 00:00:28]} 3. e3 {[%clk 01:31:27]} {[%emt 00:00:23]} c5 {[%clk
01:30:59]} {[%emt 00:00:22]} 4. c3 {[%clk 01:31:39]} {[%emt 00:00:20]} Nc6
{[%clk 01:30:54]} {[%emt 00:00:35]} 5. Nf3 {[%clk 01:32:02]} {[%emt 00:00:07]}
Qb6 {[%clk 01:30:47]} {[%emt 00:00:36]} 6. Qc2 {[%clk 01:32:24]} {[%emt
00:00:08]} Bf5 {[%clk 01:30:31]} {[%emt 00:00:47]} 7. dxc5 {[%clk 01:32:45]}
{[%emt 00:00:09]} Bxc2 {[%clk 01:29:13]} {[%emt 00:01:48]} 8. cxb6 {[%clk
01:33:09]} {[%emt 00:00:06]} Bxb1 {[%clk 01:26:09]} {[%emt 00:03:34]} 9. Rxb1
{[%clk 01:33:24]} {[%emt 00:00:15]} axb6 {[%clk 01:26:29]} {[%emt 00:00:10]}
10. a3 {[%clk 01:31:53]} {[%emt 00:02:01]} e6 {[%clk 01:20:04]} {[%emt
00:06:54]} 11. Bb5 {[%clk 01:29:24]} {[%emt 00:03:00]} Nd7 {[%clk 01:15:49]}
{[%emt 00:04:45]} 12. Nd4 {[%clk 01:26:43]} {[%emt 00:03:11]} Rc8 {[%clk
01:12:17]} {[%emt 00:04:01]} 13. Nxc6 {[%clk 01:23:00]} {[%emt 00:04:14]} bxc6
{[%clk 01:12:27]} {[%emt 00:00:19]} 14. Ba6 {[%clk 01:23:07]} {[%emt 00:00:23]}
Rd8 {[%clk 01:12:28]} {[%emt 00:00:29]} 15. Bb7 {[%clk 01:23:14]} {[%emt
00:00:24]} e5 {[%clk 00:58:12]} {[%emt 00:14:46]} 16. Bg3 {[%clk 01:22:28]}
{[%emt 00:01:15]} Nb8 {[%clk 00:58:10]} {[%emt 00:00:32]} 17. Bxe5 {[%clk
01:20:05]} {[%emt 00:02:53]} Kd7 {[%clk 00:53:20]} {[%emt 00:05:20]} 18. c4
{[%clk 01:13:45]} {[%emt 00:06:51]} Bd6 {[%clk 00:31:48]} {[%emt 00:22:01]} 19.
Bxg7 {[%clk 01:06:49]} {[%emt 00:07:26]} Rhg8 {[%clk 00:30:21]} {[%emt
00:01:58]} 20. Bf6 {[%clk 01:06:57]} {[%emt 00:00:22]} Kc7 {[%clk 00:30:23]}
{[%emt 00:00:29]} 21. Bxd8+ {[%clk 01:07:05]} {[%emt 00:00:22]} Rxd8 {[%clk
00:30:51]} 22. Bxc6 {[%clk 01:06:21]} {[%emt 00:01:15]} Kxc6 {[%clk 00:30:32]}
{[%emt 00:00:48]} 23. Rc1 {[%clk 01:05:58]} {[%emt 00:00:54]} Nd7 {[%clk
00:26:23]} {[%emt 00:04:38]} 24. Ke2 {[%clk 01:01:30]} {[%emt 00:04:58]} dxc4
{[%clk 00:24:28]} {[%emt 00:02:25]} 25. Rxc4+ {[%clk 01:01:51]} {[%emt
00:00:09]} Kd5 {[%clk 00:24:40]} {[%emt 00:00:19]} 26. Rd4+ {[%clk 00:58:37]}
{[%emt 00:03:44]} Ke6 {[%clk 00:24:28]} {[%emt 00:00:42]} 27. f4 {[%clk
00:54:31]} {[%emt 00:04:35]} Bc5 {[%clk 00:22:06]} {[%emt 00:02:52]} 28. Re4+
{[%clk 00:53:42]} {[%emt 00:01:19]} Kf5 {[%clk 00:21:21]} {[%emt 00:01:16]} 29.
Kf3 {[%clk 00:52:59]} {[%emt 00:01:12]} Kg6 {[%clk 00:21:10]} {[%emt 00:00:41]}
30. b4 {[%clk 00:48:28]} {[%emt 00:05:01]} Bf8 {[%clk 00:19:47]} {[%emt
00:01:53]} 31. Rd4 {[%clk 00:46:20]} {[%emt 00:02:38]} Kf6 {[%clk 00:18:57]}
{[%emt 00:01:19]} 32. Rhd1 {[%clk 00:45:37]} {[%emt 00:01:15]} Ke6 {[%clk
00:19:04]} {[%emt 00:00:22]} 33. g4 {[%clk 00:44:03]} {[%emt 00:02:04]} Bg7
{[%clk 00:18:47]} {[%emt 00:00:48]} 34. Re4+ {[%clk 00:43:36]} {[%emt
00:00:57]} Be5 {[%clk 00:17:50]} {[%emt 00:01:26]} 35. fxe5 {[%clk 00:43:40]}
{[%emt 00:00:27]} 1-0

[Event "DVM U14 2021"]
[Site "Willingen GER"]
[Date "2022.08.15"]
[Round "6"]
[White "Menne, Lukas"]
[Black "Borgert, Alexander"]
[Result "1/2-1/2"]
[Termination "normal"]
[Board "2.4"]
[WhiteElo "1190"]
[BlackElo "1477"]
[WhiteClock "00:05:24"]
[BlackClock "01:22:16"]
[WhiteTeam "Barnimer Schachfreunde im SV Stahl Finow"]
[BlackTeam "Hamburger SK 1830"]
[PlyCount "116"]
[WhiteFideId "16288467"]
[BlackFideId "16289188"]
[EventCountry "GER"]
[EventRounds "7"]
[EventType "team-swiss"]
[EventDate "2022.08.12"]

1. d4 {[%clk 01:30:58]} {[%emt 00:00:01]} d5 {[%clk 01:30:56]} {[%emt
00:00:05]} 2. Bf4 {[%clk 01:31:22]} {[%emt 00:00:05]} Nf6 {[%clk 01:31:19]}
{[%emt 00:00:07]} 3. Nf3 {[%clk 01:31:39]} {[%emt 00:00:13]} c5 {[%clk
01:31:35]} {[%emt 00:00:14]} 4. e3 {[%clk 01:32:01]} {[%emt 00:00:08]} Qb6
{[%clk 01:31:45]} {[%emt 00:00:20]} 5. Qc1 {[%clk 01:29:42]} {[%emt 00:02:49]}
Nc6 {[%clk 01:31:54]} {[%emt 00:00:20]} 6. c3 {[%clk 01:29:32]} {[%emt
00:00:41]} c4 {[%clk 01:32:14]} {[%emt 00:00:10]} 7. Be2 {[%clk 01:28:08]}
{[%emt 00:01:54]} Bf5 {[%clk 01:32:32]} {[%emt 00:00:12]} 8. O-O {[%clk
01:27:21]} {[%emt 00:01:17]} Qd8 {[%clk 01:32:39]} {[%emt 00:00:22]} 9. Nbd2
{[%clk 01:26:52]} {[%emt 00:01:00]} e6 {[%clk 01:33:03]} {[%emt 00:00:06]} 10.
Ne5 {[%clk 01:25:10]} {[%emt 00:02:13]} Nxe5 {[%clk 01:30:02]} {[%emt
00:03:30]} 11. dxe5 {[%clk 01:24:11]} {[%emt 00:01:29]} Nd7 {[%clk 01:30:10]}
{[%emt 00:00:22]} 12. Nf3 {[%clk 01:23:56]} {[%emt 00:00:45]} Bg4 {[%clk
01:28:46]} {[%emt 00:01:54]} 13. Nd4 {[%clk 01:23:33]} {[%emt 00:00:53]} Bxe2
{[%clk 01:29:03]} {[%emt 00:00:12]} 14. Nxe2 {[%clk 01:23:54]} {[%emt
00:00:10]} g5 {[%clk 01:29:22]} {[%emt 00:00:12]} 15. Bg3 {[%clk 01:23:55]}
{[%emt 00:00:28]} h5 {[%clk 01:29:38]} {[%emt 00:00:14]} 16. h3 {[%clk
01:23:36]} {[%emt 00:00:50]} g4 {[%clk 01:29:01]} {[%emt 00:01:06]} 17. Nf4
{[%clk 01:21:24]} {[%emt 00:02:42]} h4 {[%clk 01:25:50]} {[%emt 00:03:40]} 18.
Bh2 {[%clk 01:21:25]} {[%emt 00:00:30]} Qg5 {[%clk 01:25:48]} {[%emt 00:00:31]}
19. hxg4 {[%clk 01:19:03]} {[%emt 00:02:53]} Qxg4 {[%clk 01:24:05]} {[%emt
00:02:13]} 20. f3 {[%clk 01:15:50]} {[%emt 00:03:43]} Qf5 {[%clk 01:23:18]}
{[%emt 00:01:16]} 21. Qb1 {[%clk 01:11:50]} {[%emt 00:04:30]} Qxb1 {[%clk
01:22:58]} {[%emt 00:00:50]} 22. Raxb1 {[%clk 01:11:56]} {[%emt 00:00:26]} Nxe5
{[%clk 01:23:16]} {[%emt 00:00:11]} 23. Nxe6 {[%clk 01:11:47]} {[%emt
00:00:39]} Nxf3+ {[%clk 01:23:36]} {[%emt 00:00:10]} 24. Rxf3 {[%clk 01:11:54]}
{[%emt 00:00:23]} fxe6 {[%clk 01:23:53]} {[%emt 00:00:13]} 25. Rbf1 {[%clk
01:11:36]} {[%emt 00:00:48]} Bc5 {[%clk 01:22:41]} {[%emt 00:01:41]} 26. Kf2
{[%clk 01:09:23]} {[%emt 00:02:44]} O-O-O {[%clk 01:21:43]} {[%emt 00:01:28]}
27. Ke2 {[%clk 01:08:56]} {[%emt 00:00:56]} Rhg8 {[%clk 01:21:56]} {[%emt
00:00:17]} 28. g3 {[%clk 01:06:24]} {[%emt 00:03:03]} hxg3 {[%clk 01:21:49]}
{[%emt 00:00:36]} 29. Bxg3 {[%clk 01:05:28]} {[%emt 00:01:27]} Rdf8 {[%clk
01:22:10]} {[%emt 00:00:09]} 30. Rxf8+ {[%clk 01:02:42]} {[%emt 00:03:16]} Rxf8
{[%clk 01:22:34]} {[%emt 00:00:06]} 31. Rxf8+ {[%clk 00:58:31]} {[%emt
00:04:41]} Bxf8 {[%clk 01:22:57]} {[%emt 00:00:07]} 32. Be5 {[%clk 00:54:29]}
{[%emt 00:04:32]} Kd7 {[%clk 01:23:17]} {[%emt 00:00:11]} 33. Bd4 {[%clk
00:54:24]} {[%emt 00:00:34]} Kc7 {[%clk 01:23:01]} {[%emt 00:00:44]} 34. Bxa7
{[%clk 00:47:13]} {[%emt 00:07:43]} b6 {[%clk 01:23:25]} {[%emt 00:00:06]} 35.
Bxb6+ {[%clk 00:47:35]} {[%emt 00:00:08]} Kxb6 {[%clk 01:23:48]} {[%emt
00:00:07]} 36. e4 {[%clk 00:46:28]} {[%emt 00:01:36]} Bh6 {[%clk 01:23:52]}
{[%emt 00:00:27]} 37. exd5 {[%clk 00:45:50]} {[%emt 00:01:08]} exd5 {[%clk
01:24:14]} {[%emt 00:00:08]} 38. Kd1 {[%clk 00:44:43]} {[%emt 00:01:37]} Kb5
{[%clk 01:24:32]} {[%emt 00:00:12]} 39. Kc2 {[%clk 00:44:54]} {[%emt 00:00:19]}
Bg7 {[%clk 01:24:44]} {[%emt 00:00:17]} 40. b3 {[%clk 00:42:06]} {[%emt
00:03:19]} Ka5 {[%clk 01:23:57]} {[%emt 00:01:16]} 41. Kd2 {[%clk 00:27:34]}
{[%emt 00:15:04]} Bh6+ {[%clk 01:22:17]} {[%emt 00:02:10]} 42. Kc2 {[%clk
00:25:42]} {[%emt 00:02:20]} Be3 {[%clk 01:22:31]} {[%emt 00:00:17]} 43. Kd1
{[%clk 00:08:46]} {[%emt 00:17:25]} d4 {[%clk 01:22:53]} {[%emt 00:00:08]} 44.
cxd4 {[%clk 00:08:20]} {[%emt 00:00:57]} c3 {[%clk 01:23:18]} {[%emt 00:00:04]}
45. d5 {[%clk 00:08:04]} {[%emt 00:00:46]} Kb5 {[%clk 01:23:32]} {[%emt
00:00:15]} 46. d6 {[%clk 00:08:08]} {[%emt 00:00:28]} Kc6 {[%clk 01:23:57]}
{[%emt 00:00:05]} 47. Kc2 {[%clk 00:07:16]} {[%emt 00:01:22]} Bd4 {[%clk
01:24:22]} {[%emt 00:00:05]} 48. d7 {[%clk 00:06:59]} {[%emt 00:00:46]} Kxd7
{[%clk 01:24:48]} {[%emt 00:00:05]} 49. b4 {[%clk 00:06:35]} {[%emt 00:00:54]}
Kc6 {[%clk 01:25:08]} {[%emt 00:00:09]} 50. a4 {[%clk 00:06:21]} {[%emt
00:00:45]} Kb6 {[%clk 01:25:28]} {[%emt 00:00:09]} 51. Kb3 {[%clk 00:06:11]}
{[%emt 00:00:41]} Kc6 {[%clk 01:25:49]} {[%emt 00:00:09]} 52. Kc2 {[%clk
00:06:04]} {[%emt 00:00:37]} Kd5 {[%clk 01:26:08]} {[%emt 00:00:12]} 53. Kd3
{[%clk 00:05:32]} {[%emt 00:01:01]} Be5 {[%clk 01:26:11]} {[%emt 00:00:27]} 54.
a5 {[%clk 00:05:24]} {[%emt 00:00:38]} Kc6 {[%clk 01:26:06]} {[%emt 00:00:33]}
55. a6 {[%clk 00:05:06]} {[%emt 00:00:50]} Kb6 {[%clk 01:26:18]} {[%emt
00:00:18]} 56. b5 {[%clk 00:05:16]} {[%emt 00:00:20]} Bd4 {[%clk 01:26:25]}
{[%emt 00:00:23]} 57. Kc2 {[%clk 00:05:24]} {[%emt 00:00:22]} Kxb5 {[%clk
01:21:51]} {[%emt 00:05:04]} 58. a7 {[%clk 00:05:24]} {[%emt 00:00:30]} Bxa7
{[%clk 01:22:16]} {[%emt 00:00:04]} 1/2-1/2

[Event "DVM U14 2021"]
[Site "Willingen GER"]
[Date "2022.08.15"]
[Round "6"]
[White "Helmbrecht, Paul"]
[Black "Bungarten, Jona"]
[Result "0-1"]
[Termination "normal"]
[Board "3.1"]
[WhiteElo "1661"]
[BlackElo "2012"]
[WhiteClock "00:23:52"]
[BlackClock "00:21:41"]
[WhiteTeam "FC Ergolding 1932"]
[BlackTeam "SF Brackel 1930"]
[PlyCount "108"]
[WhiteFideId "16270932"]
[BlackFideId "16223608"]
[EventCountry "GER"]
[EventRounds "7"]
[EventType "team-swiss"]
[EventDate "2022.08.12"]

1. d4 {[%clk 01:30:55]} {[%emt 00:00:06]} d5 {[%clk 01:31:19]} 2. c4 {[%clk
01:30:50]} e6 {[%clk 01:31:45]} 3. Nc3 {[%clk 01:30:46]} Nf6 {[%clk 01:32:11]}
4. cxd5 {[%clk 01:31:10]} exd5 {[%clk 01:32:36]} 5. Bg5 {[%clk 01:30:52]} Be7
{[%clk 01:33:02]} 6. e3 {[%clk 01:31:07]} c6 {[%clk 01:33:28]} 7. Bd3 {[%clk
01:31:01]} O-O {[%clk 01:33:53]} {[%emt 00:03:27]} 8. Qc2 {[%clk 01:30:31]} h6
{[%clk 01:33:32]} 9. Bh4 {[%clk 01:28:45]} Re8 {[%clk 01:33:27]} 10. Nge2
{[%clk 01:23:50]} Nbd7 {[%clk 01:33:18]} 11. O-O {[%clk 01:22:59]} Ne4 {[%clk
01:31:25]} 12. Bxe7 {[%clk 01:23:23]} Qxe7 {[%clk 01:24:21]} 13. Ng3 {[%clk
01:21:41]} Ndf6 {[%clk 01:23:23]} 14. Rab1 {[%clk 01:20:44]} h5 {[%clk
01:16:24]} 15. Ngxe4 {[%clk 01:20:39]} Nxe4 {[%clk 01:16:47]} 16. Nxe4 {[%clk
01:21:02]} dxe4 {[%clk 01:17:00]} 17. Be2 {[%clk 01:17:50]} h4 {[%clk
01:15:25]} 18. Qc5 {[%clk 01:15:34]} Qf6 {[%clk 01:09:07]} 19. Qh5 {[%clk
01:12:17]} Be6 {[%clk 01:07:46]} 20. b3 {[%clk 01:10:09]} Rad8 {[%clk
01:06:33]} 21. g3 {[%clk 01:02:55]} Bh3 {[%clk 01:05:06]} 22. Rfc1 {[%clk
00:59:14]} hxg3 {[%clk 01:01:20]} 23. hxg3 {[%clk 00:52:44]} Be6 {[%clk
00:57:33]} 24. Kg2 {[%clk 00:50:03]} Rd5 {[%clk 00:57:36]} 25. Qh4 {[%clk
00:45:40]} g5 {[%clk 00:57:09]} 26. Qh5 {[%clk 00:45:54]} Rf5 {[%clk 00:57:22]}
27. Rf1 {[%clk 00:46:06]} Kg7 {[%clk 00:56:27]} 28. g4 {[%clk 00:44:49]} Rh8
{[%clk 00:56:19]} 29. Qxh8+ {[%clk 00:45:18]} Kxh8 {[%clk 00:56:30]} 30. Rh1+
{[%clk 00:45:34]} Kg7 {[%clk 00:56:49]} 31. gxf5 {[%clk 00:43:59]} Qxf5 {[%clk
00:50:24]} 32. Rbc1 {[%clk 00:42:20]} Qg6 {[%clk 00:45:02]} 33. Rc5 {[%clk
00:35:21]} f5 {[%clk 00:43:31]} 34. Kf1 {[%clk 00:34:02]} Bd5 {[%clk 00:38:34]}
35. Rc1 {[%clk 00:31:44]} b5 {[%clk 00:31:45]} 36. Ke1 {[%clk 00:30:28]} f4
{[%clk 00:28:39]} 37. Kd2 {[%clk 00:29:53]} f3 {[%clk 00:28:35]} 38. Bd1 {[%clk
00:28:27]} Qd6 {[%clk 00:26:49]} 39. Rc5 {[%clk 00:28:27]} Qd8 {[%clk
00:26:00]} 40. b4 {[%clk 00:22:30]} Bxa2 {[%clk 00:23:56]} 41. Rxc6 {[%clk
00:22:23]} Qd7 {[%clk 00:23:48]} 42. Rhh6 {[%clk 00:20:49]} Bf7 {[%clk
00:21:52]} 43. Bb3 {[%clk 00:19:54]} Bxb3 {[%clk 00:22:12]} 44. Rcg6+ {[%clk
00:20:13]} Kf8 {[%clk 00:20:47]} 45. Rh8+ {[%clk 00:20:32]} Ke7 {[%clk
00:20:49]} 46. Rg7+ {[%clk 00:20:49]} Bf7 {[%clk 00:20:47]} 47. Rhh7 {[%clk
00:21:08]} Qd5 {[%clk 00:20:19]} 48. Ke1 {[%clk 00:21:14]} Qa2 {[%clk
00:20:05]} 49. Rxf7+ {[%clk 00:21:42]} Qxf7 {[%clk 00:20:28]} 50. Rxf7+ {[%clk
00:22:08]} Kxf7 {[%clk 00:20:22]} 51. Kf1 {[%clk 00:22:36]} Ke6 {[%clk
00:20:48]} 52. Kg1 {[%clk 00:23:03]} Kd5 {[%clk 00:21:14]} 53. Kh2 {[%clk
00:23:27]} Kc4 {[%clk 00:21:41]} 54. Kg3 {[%clk 00:23:52]} Kxb4 0-1

[Event "DVM U14 2021"]
[Site "Willingen GER"]
[Date "2022.08.15"]
[Round "6"]
[White "Schön, Florian"]
[Black "Keck, Johannes"]
[Result "1/2-1/2"]
[Termination "normal"]
[Board "5.2"]
[WhiteElo "1702"]
[BlackElo "1510"]
[WhiteClock "00:02:28"]
[BlackClock "00:07:24"]
[WhiteTeam "VfB Schach Leipzig"]
[BlackTeam "SC Erlangen 48/88"]
[PlyCount "81"]
[WhiteFideId "16259394"]
[BlackFideId "16258746"]
[EventCountry "GER"]
[EventRounds "7"]
[EventType "team-swiss"]
[EventDate "2022.08.12"]

1. e4 {[%clk 01:30:59]} c5 {[%clk 01:30:18]} {[%emt 00:00:42]} 2. Nc3 {[%clk
01:31:11]} {[%emt 00:00:19]} Nc6 {[%clk 01:30:02]} {[%emt 00:00:46]} 3. f4
{[%clk 01:31:34]} {[%emt 00:00:07]} g6 {[%clk 01:29:48]} {[%emt 00:00:43]} 4.
Bb5 {[%clk 01:31:45]} {[%emt 00:00:20]} Nd4 {[%clk 01:29:34]} {[%emt 00:00:44]}
5. Nf3 {[%clk 01:31:53]} {[%emt 00:00:21]} Bg7 {[%clk 01:29:20]} {[%emt
00:00:43]} 6. Nxd4 {[%clk 01:28:22]} {[%emt 00:04:02]} cxd4 {[%clk 01:25:19]}
{[%emt 00:04:31]} 7. Ne2 {[%clk 01:28:23]} {[%emt 00:00:30]} a6 {[%clk
01:15:17]} {[%emt 00:10:32]} 8. Bd3 {[%clk 01:28:44]} {[%emt 00:00:09]} d5
{[%clk 01:13:19]} {[%emt 00:02:27]} 9. e5 {[%clk 01:26:46]} {[%emt 00:02:29]}
Bg4 {[%clk 01:12:21]} {[%emt 00:01:27]} 10. O-O {[%clk 01:26:19]} {[%emt
00:00:57]} e6 {[%clk 01:11:23]} {[%emt 00:01:28]} 11. b3 {[%clk 01:24:49]}
{[%emt 00:02:02]} Ne7 {[%clk 01:05:08]} {[%emt 00:06:44]} 12. h3 {[%clk
01:23:36]} {[%emt 00:01:42]} Bxe2 {[%clk 01:02:47]} {[%emt 00:02:50]} 13. Qxe2
{[%clk 01:24:02]} {[%emt 00:00:05]} Nc6 {[%clk 01:01:28]} {[%emt 00:01:49]} 14.
Qf2 {[%clk 01:19:40]} {[%emt 00:04:53]} Qb8 {[%clk 00:59:48]} {[%emt 00:02:10]}
15. Ba3 {[%clk 01:19:44]} {[%emt 00:00:26]} Qa7 {[%clk 00:54:55]} {[%emt
00:05:22]} 16. Qh4 {[%clk 01:18:48]} {[%emt 00:01:26]} b5 {[%clk 00:48:43]}
{[%emt 00:06:42]} 17. Bd6 {[%clk 01:18:38]} {[%emt 00:00:40]} Rd8 {[%clk
00:46:28]} {[%emt 00:02:45]} 18. a3 {[%clk 01:15:34]} {[%emt 00:03:35]} Rxd6
{[%clk 00:43:53]} {[%emt 00:03:04]} 19. exd6 {[%clk 01:16:02]} {[%emt
00:00:03]} O-O {[%clk 00:42:00]} {[%emt 00:02:22]} 20. b4 {[%clk 01:09:53]}
{[%emt 00:06:39]} Qd7 {[%clk 00:40:41]} {[%emt 00:01:48]} 21. Rfb1 {[%clk
00:52:16]} {[%emt 00:18:09]} Qxd6 {[%clk 00:40:32]} {[%emt 00:00:39]} 22. Qg4
{[%clk 00:50:23]} {[%emt 00:02:22]} Rb8 {[%clk 00:31:11]} {[%emt 00:09:51]} 23.
g3 {[%clk 00:47:27]} {[%emt 00:03:26]} h5 {[%clk 00:29:03]} {[%emt 00:02:38]}
24. Qf3 {[%clk 00:47:18]} {[%emt 00:00:40]} Bf6 {[%clk 00:25:54]} {[%emt
00:03:38]} 25. Rf1 {[%clk 00:45:29]} {[%emt 00:02:19]} Kg7 {[%clk 00:25:27]}
{[%emt 00:00:56]} 26. Rfb1 {[%clk 00:39:57]} {[%emt 00:06:03]} Be7 {[%clk
00:23:09]} {[%emt 00:02:47]} 27. Qf2 {[%clk 00:29:25]} {[%emt 00:11:03]} Bf6
{[%clk 00:22:34]} {[%emt 00:01:05]} 28. Ra2 {[%clk 00:25:52]} {[%emt 00:04:03]}
Be7 {[%clk 00:15:28]} {[%emt 00:07:36]} 29. a4 {[%clk 00:18:24]} {[%emt
00:07:58]} bxa4 {[%clk 00:14:13]} {[%emt 00:01:45]} 30. Rxa4 {[%clk 00:17:25]}
{[%emt 00:01:30]} Nxb4 {[%clk 00:11:46]} {[%emt 00:02:55]} 31. Qxd4+ {[%clk
00:11:15]} {[%emt 00:06:41]} Kg8 {[%clk 00:11:11]} {[%emt 00:01:06]} 32. Rba1
{[%clk 00:10:03]} {[%emt 00:01:42]} Qc7 {[%clk 00:10:58]} {[%emt 00:00:43]} 33.
Qc3 {[%clk 00:09:56]} {[%emt 00:00:36]} Qb6+ {[%clk 00:10:20]} {[%emt
00:01:09]} 34. Kg2 {[%clk 00:10:07]} {[%emt 00:00:17]} h4 {[%clk 00:10:17]}
{[%emt 00:00:34]} 35. g4 {[%clk 00:09:12]} {[%emt 00:01:25]} d4 {[%clk
00:10:07]} {[%emt 00:00:40]} 36. Qc4 {[%clk 00:08:37]} {[%emt 00:01:05]} g5
{[%clk 00:08:52]} {[%emt 00:01:45]} 37. Rf1 {[%clk 00:05:33]} {[%emt 00:03:34]}
Qd6 {[%clk 00:07:39]} {[%emt 00:01:43]} 38. Rf3 {[%clk 00:03:18]} {[%emt
00:02:45]} Nd5 {[%clk 00:07:15]} {[%emt 00:00:55]} 39. Qxd4 {[%clk 00:03:02]}
{[%emt 00:00:46]} Nxf4+ {[%clk 00:07:08]} {[%emt 00:00:36]} 40. Rxf4 {[%clk
00:02:41]} {[%emt 00:00:51]} Qxf4 {[%clk 00:07:24]} {[%emt 00:00:14]} 41. Qxf4
{[%clk 00:02:28]} {[%emt 00:00:43]} 1/2-1/2

[Event "DVM U14 2021"]
[Site "Willingen GER"]
[Date "2022.08.15"]
[Round "6"]
[White "Martin Fernandez, Rafael"]
[Black "Vecera, Fabio"]
[Result "1-0"]
[Termination "normal"]
[Board "5.3"]
[WhiteElo "1645"]
[BlackElo "1527"]
[WhiteClock "00:09:12"]
[BlackClock "00:44:15"]
[WhiteTeam "SC Erlangen 48/88"]
[BlackTeam "VfB Schach Leipzig"]
[PlyCount "73"]
[WhiteFideId "34605550"]
[BlackFideId "16281705"]
[EventCountry "GER"]
[EventRounds "7"]
[EventType "team-swiss"]
[EventDate "2022.08.12"]

1. e4 {[%clk 01:30:52]} {[%emt 00:00:02]} Nf6 {[%clk 01:31:14]} 2. e5 {[%clk
01:31:14]} Nd5 {[%clk 01:31:36]} 3. c4 {[%clk 01:31:38]} Nb6 {[%clk 01:31:57]}
4. d4 {[%clk 01:31:55]} d6 {[%clk 01:31:57]} 5. f4 {[%clk 01:32:07]} dxe5
{[%clk 01:32:17]} 6. fxe5 {[%clk 01:32:28]} c5 {[%clk 01:30:00]} 7. d5 {[%clk
01:32:43]} e6 {[%clk 01:25:17]} 8. Nc3 {[%clk 01:10:04]} a6 {[%clk 01:21:59]}
9. Be2 {[%clk 01:03:46]} exd5 {[%clk 01:21:48]} 10. cxd5 {[%clk 01:03:48]} Qh4+
{[%clk 01:20:31]} 11. g3 {[%clk 01:03:26]} Qd4 {[%clk 01:20:20]} 12. Nf3 {[%clk
01:03:36]} Qxd1+ {[%clk 01:20:39]} 13. Bxd1 {[%clk 01:03:45]} Be7 {[%clk
01:17:55]} 14. a4 {[%clk 00:46:00]} a5 {[%clk 01:14:40]} 15. Kf2 {[%clk
00:43:30]} O-O {[%clk 01:09:43]} 16. Be2 {[%clk 00:32:39]} Na6 {[%clk
01:07:47]} 17. Bxa6 {[%clk 00:32:51]} bxa6 {[%clk 01:01:33]} 18. b3 {[%clk
00:26:29]} Bb7 {[%clk 00:58:11]} 19. Rd1 {[%clk 00:20:39]} Rfe8 {[%clk
00:53:37]} 20. Bf4 {[%clk 00:17:53]} Rac8 {[%clk 00:51:56]} 21. d6 {[%clk
00:18:16]} Bd8 {[%clk 00:52:17]} 22. d7 {[%clk 00:17:46]} Nxd7 {[%clk
00:51:43]} 23. Rxd7 {[%clk 00:13:41]} Bxf3 {[%clk 00:51:55]} 24. Kxf3 {[%clk
00:13:56]} g5 {[%clk 00:51:14]} 25. Be3 {[%clk 00:14:18]} Rxe5 {[%clk
00:51:34]} 26. Rad1 {[%clk 00:14:19]} Bf6 {[%clk 00:50:38]} 27. Nd5 {[%clk
00:13:34]} Rc6 {[%clk 00:49:17]} 28. Nxf6+ {[%clk 00:13:59]} Rxf6+ {[%clk
00:49:36]} 29. Ke2 {[%clk 00:10:19]} Rb6 {[%clk 00:48:49]} 30. R1d5 {[%clk
00:09:10]} Ree6 {[%clk 00:47:46]} 31. Rxg5+ {[%clk 00:09:33]} Kf8 {[%clk
00:45:22]} 32. Rd3 {[%clk 00:09:15]} c4 {[%clk 00:45:05]} 33. bxc4 {[%clk
00:09:09]} Rb2+ {[%clk 00:45:00]} 34. Rd2 {[%clk 00:09:30]} Rb3 {[%clk
00:45:14]} 35. Rd3 {[%clk 00:09:51]} Rb2+ {[%clk 00:45:38]} 36. Kf3 {[%clk
00:09:12]} f6 {[%clk 00:44:15]} 37. Rh5 1-0